Guess the Taylor Swift Lyrics 4.0 - Statistics

General Stats
  • This quiz has been taken 498 times
  • The average score is 133 of 223
Answer Stats
% Correct
I
98%
you
96%
you,
96%
you".
96%
a
95%
the
93%
me
90%
We
84%
we
84%
and
81%
And
81%
to
81%
when
81%
your
81%
be
80%
in
80%
love
78%
do
77%
is
72%
No
72%
like
68%
Like
68%
She
68%
she
68%
That
67%
that
67%
we're
65%
of
64%
don't
63%
know
63%
can't
61%
what
61%
see
60%
are
59%
could
59%
her
59%
But
58%
but
58%
if
57%
want
57%
just
54%
all
53%
how
53%
by
52%
up
51%
never
48%
eyes
44%
way
44%
even
43%
knew
42%
Oh
41%
think
41%
Light
40%
light
40%
only
37%
She's
35%
smile
35%
about
34%
make
34%
everything
33%
gonna
32%
right
31%
wanna
30%
Baby
29%
through
29%
let
28%
invisible
26%
She'll
25%
beautiful,
23%
show
22%
There's
21%
Instead
18%
matter
18%
shine
18%
miracle,
17%
walks
17%
wantin'
17%
stop
16%
unbelievable
16%
help
14%
notice
13%
open
13%
realize
13%
stare
13%
Whenever
12%
fire
10%
inside
10%
shadows
9%
faded
8%
No matching quizzes found
Score Distribution
Percent of People with Each Score
Percentile by Number Answered
Your Score History
You have not taken this quiz